000 01667nas a2200361 c 4500
003 BLK
005 20240403161126.0
008 180413b bul rap|r|||| |0| c1bulo|
010 _aPRD00002163000
022 _a1313-3903
022 _a9789545292668
040 _aBLK
041 _aBUL
_cBUL
080 _aСписания и периодични издания с общ характер - Списания с общ характер. Продължаващи издания с общонаучно и общотехническо съдържание. Годишници. Адресни книги. Календари. Алманаси. Вж и 07
_b05
_z05
245 1 0 _aL'europeo
_bдвумес. издание
_cЕуропео-България ООД ; Ред. кол. : Димитър Стоянович - глав. ред. и др.
257 _aBGR
260 _aСофия
_bЕуропео-България
_c2008
_fБулвест принт
_9491990
300 _c26 см
362 _aГод. 1, № 1 (2008) -
380 _a0
500 _aКю Ем ООД ; Ред. кол. : Любен Дилов-син - глав. ред. и др.; от брой № 84, година ХІV, апр./май 2023 г., сменя издателство Еуропео-България ООД.
852 _aБ 1847
856 _qpdf
_u
856 _qpdf
_u
942 _cJOU
_n0
_s1
944 _aCR
_cВаня_Йорданова
_k30553
_lИваничка Йорданова
944 _aED
_cЛюбомир_Делиганев
_k08.03.2018
999 _c294139
_d294139
999 _d294139
999 _d294139
999 _d294139
999 _d294139
999 _d294139